[Event "POR-ch U16"]
[Site "Luso"]
[Date "2018.03.27"]
[Round "6"]
[White "Ferreira, Nuno David Oliveira"]
[Black "Ribeiro, Orlando Camilo Duar"]
[Result "0-1"]
[WhiteElo "1374"]
[BlackElo "1462"]
[PlyCount "142"]
[EventDate "2018.03.24"]
[EventType "swiss"]
[EventRounds "7"]
[EventCountry "POR"]
[SourceTitle "EXT 2019"]
[Source "ChessBase"]
[SourceDate "2018.10.10"]
[SourceVersion "1"]
[SourceVersionDate "2018.10.10"]
[SourceQuality "1"]

1. Nf3 d5 2. d4 Nf6 3. Bf4 Bf5 4. e3 e6 5. c4 c6 6. Qa4 Qb6 7. b3 Bb4+ 8. Nbd2 Bc3 9. Rd1 Ne4 10. a3 Nxd2 11. Rxd2 Bxd2+ 12. Kxd2 dxc4 13. Bxc4 0-0 14. h3 Rd8 15. b4 c5 16. Qb3 cxd4 17. exd4 Nc6 18. Be3 Rac8 19. d5 Qc7 20. Ke2 Ne7 21. Rc1 Qd7 22. Ne5 Qe8 23. dxe6 f6 24. Nf7 b5 25. Nxd8 Rxd8 26. Rc3 bxc4 27. Qxc4 Rc8 28. Bc5 Qc6 29. f3 Bxe6 30. Qd3 Nd5 31. Rc4 Qc7 32. Qe4 Re8 33. Kf2 Bf7 34. Qb1 Nf4 35. Re4 Nd5 36. Qe1 Qd7 37. Qd2 a6 38. Qd4 Qa4 39. Rxe8+ Qxe8 40. Qd3 Qb5 41. Qf5 Qc6 42. Qd3 Qe6 43. Qc4 Be8 44. Qb3 Bb5 45. Qc2 Nf4 46. Qd2 Qe2+ 47. Qxe2 Nxe2 48. Ke3 Nc3 49. Kd4 Nb1 50. g4 Nxa3 51. f4 Nc2+ 52. Ke4 g6 53. h4 Kf7 54. f5 gxf5+ 55. Kxf5 Bd7+ 56. Kf4 Ne1 57. Kg3 h6 58. Bd4 Nd3 59. Be3 Kg6 60. h5+ Kg7 61. Kf3 Ne5+ 62. Kf4 Nxg4 63. Bd4 Ne5 64. Bxe5 fxe5+ 65. Kxe5 Bg4 66. Kf4 Bxh5 67. Kf5 Be2 68. Kf4 h5 69. Kg5 Kf7 70. Kf4 Ke6 71. Kg5 Kd6 0-1